Parkin/King economics : study guide / (Record no. 1717)
| 000 -LEADER | |
|---|---|
| fixed length control field | 00478nam a22001817a 4500 |
| 003 - CONTROL NUMBER IDENTIFIER | |
| control field | OSt |
| 005 - DATE AND TIME OF LATEST TRANSACTION | |
| control field | 20150504163819.0 |
| 008 - FIXED-LENGTH DATA ELEMENTS--GENERAL INFORMATION | |
| fixed length control field | 150429b xxu||||| |||| 00| 0 eng d |
| 020 ## - INTERNATIONAL STANDARD BOOK NUMBER | |
| International Standard Book Number | 9780201427851 |
| 050 ## - LIBRARY OF CONGRESS CALL NUMBER | |
| Classification number | HB74.6 .A85 1995 |
| 100 ## - MAIN ENTRY--PERSONAL NAME | |
| Relator code | Atkinson, Brian |
| 245 ## - TITLE STATEMENT | |
| Title | Parkin/King economics : study guide / |
| Statement of responsibility, etc | Brian Atkinson ... [et al.]. |
| 250 ## - EDITION STATEMENT | |
| Edition statement | 2nd ed. |
| 260 ## - PUBLICATION, DISTRIBUTION, ETC. (IMPRINT) | |
| Place of publication, distribution, etc | Cambridge |
| Name of publisher, distributor, etc | Addison-wesley |
| Date of publication, distribution, etc | 1995 |
| 300 ## - PHYSICAL DESCRIPTION | |
| Extent | x, 342p. |
| 650 ## - SUBJECT ADDED ENTRY--TOPICAL TERM | |
| Source of heading or term | Economics |
| 942 ## - ADDED ENTRY ELEMENTS (KOHA) | |
| Source of classification or shelving scheme | |
| Koha item type | Book |
| Withdrawn status | Lost status | Source of classification or shelving scheme | Damaged status | Not for loan | Home library | Current library | Shelving location | Date acquired | Total Checkouts | Full call number | Barcode | Date last seen | Date checked out | Copy number | Price effective from | Koha item type |
|---|---|---|---|---|---|---|---|---|---|---|---|---|---|---|---|---|
| Riara University Library | Riara University Library | General stack | 04/05/2015 | 4 | HB74.6 .A85 1995 | 5960/15 | 31/07/2018 | 19/07/2018 | C.1 | 04/05/2015 | Book | |||||
| Riara University Library | Riara University Library | 10/07/2023 | 1 | HB74.6 .A85 1995 | 10659/23 | 02/10/2023 | 18/09/2023 | C.2 | 10/07/2023 | Book |
